000 00562nam a2200193Ia 4500
003 GCL
008 140319s9999 xx 000 0 ara d
020 _a9167354977
040 _aGCL /
_cGCL
082 0 4 _a301.01
_bز ع
100 1 _aزيدان عبد الباقى
245 1 0 _aعلم الاجتماع الدينى /
_cزيدان عبد الباقى
260 _aالقاهرة :
_bمكتبة غريب
300 _a288 ص ؛
_c24 سم
490 _a
650 0 4 _aالاجتماع
650 0 4 _aعلم الاجتماع الدينى
942 _2ddc
_cBK
999 _c39957
_d39957